|
|
|
|
| LEADER |
00971cam a2200277 7i4500 |
| 001 |
0000133228 |
| 005 |
20190904090000.0 |
| 008 |
190507s2018 my a x 0 may |
| 020 |
# |
0 |
|a 9789671539491 Paperback
|
| 040 |
# |
# |
|a UMT
|
| 090 |
0 |
0 |
|a BP 88
|b .A36 2018
|
| 100 |
0 |
# |
|a Ahmad Faezal
|e author
|
| 245 |
1 |
0 |
|a Perang Salib Pertama :
|b Kelahiran Templar
|c koleksi ulasan oleh Ahmad Faezal ; suntingan oleh Mira Liyana.
|
| 264 |
# |
1 |
|a Ampang, Selangor:
|b Patriots Publication,
|c [2018].
|
| 264 |
# |
4 |
|c ♭2018.
|
| 300 |
# |
# |
|a 242 pages:
|b illustrations;
|c 20 cm.
|
| 336 |
# |
# |
|a text
|2 rdacontent
|
| 337 |
# |
# |
|a unmediated
|2 rdamedia
|
| 338 |
# |
# |
|a volume
|2 rdacarrier
|
| 504 |
0 |
0 |
|a Includes bibliographical references
|
| 590 |
# |
# |
|a Perpustakaan Sultanah Nur Zahirah
|
| 650 |
0 |
0 |
|a Islamic Empire --
|x History --
|y 750-1258
|
| 650 |
0 |
0 |
|a Arabs --
|x History
|
| 650 |
0 |
0 |
|a Islamic stories, Malay
|
| 700 |
0 |
1 |
|a Mira Liyana
|
| 999 |
|
|
|a 1100106638
|b Book
|c Open Shelf
|e KOLEKSI TERBUKA
|